|
|
|
|
| LEADER |
00000nas a2200000 a 4500 |
| 001 |
ssj0067677 |
| 003 |
WaSeSS |
| 005 |
20200512172242.0 |
| 006 |
m d |
| 007 |
cr n |
| 008 |
080923c20089999gw fr p s 0 a0eng c |
| 010 |
|
|
|a 2008254021
|
| 022 |
|
|
|a 1860-0743
|l 1435-1935
|
| 035 |
|
|
|a (WaSeSS)ssj0067677
|
| 040 |
|
|
|a CUS
|b eng
|e pn
|c CUS
|d BUF
|d OCLCQ
|d AGL
|d DLC
|d OCLCQ
|d OCLCF
|d OCLCQ
|d OCLCO
|d OCLCQ
|d DLC
|d CSU
|d LIP
|d OCLCQ
|d VT2
|d WaSeSS
|
| 042 |
|
|
|a pcc
|
| 050 |
0 |
0 |
|a QL1
|
| 070 |
0 |
|
|a QL352
|b .M57
|
| 072 |
|
0 |
|a X300
|
| 210 |
1 |
0 |
|a Zoosyst. evol.
|
| 245 |
0 |
0 |
|a Zoosystematics and evolution
|h [electronic resource].
|
| 260 |
|
|
|a Weinheim [Germany] :
|b WILEY-VCH Verlag GmbH & Co. KGaA
|
| 310 |
|
|
|a Semiannual
|
| 362 |
1 |
|
|a Began with vol. 84, issue 1 (Mar. 2008).
|
| 506 |
|
|
|a License restrictions may limit access.
|
| 588 |
|
|
|a Description based on: Vol. 84, issue 1 (Mar. 2008); title from journal homepage (publisher's Web site, viewed Sept. 22, 2008).
|
| 588 |
|
|
|a Latest issue consulted: Vol. 93, issue 2 (Sept. 2015) (Wiley Interscience, viewed Oct. 10, 2017).
|
| 650 |
|
0 |
|a Zoology
|v Periodicals.
|
| 650 |
|
0 |
|a Biology
|v Classification
|v Periodicals.
|
| 650 |
|
0 |
|a Evolution (Biology)
|v Periodicals.
|
| 650 |
|
6 |
|a Zoologie
|v Périodiques.
|
| 650 |
|
7 |
|a Biology.
|2 fast
|0 (OCoLC)fst00832383
|
| 650 |
|
7 |
|a Evolution (Biology)
|2 fast
|0 (OCoLC)fst00917302
|
| 650 |
|
7 |
|a Zoology.
|2 fast
|0 (OCoLC)fst01184696
|
| 655 |
|
0 |
|a Electronic journals.
|
| 776 |
0 |
8 |
|i Print version:
|t Zoosystematics and evolution
|w (DLC) 2010295411
|w (OCoLC)259453511
|
| 780 |
0 |
0 |
|t Mitteilungen aus dem Museum für Naturkunde in Berlin. Zoologische Reihe (Online)
|x 1860-0743
|w (DLC) 2006238781
|w (OCoLC)59003732
|
| 850 |
|
|
|a DLC
|a DNAL
|
| 856 |
4 |
0 |
|z Full text available from Research Library: 01/01/2014 to present
|u https://search.proquest.com/publication/1006442
|